000 00636nam a2200157 4500
008 011113s1999 cc chiYA
020 _a7806454411
090 _aCT205
_bH25r
100 1 _a(美)麥克·哈特 Hart, Michael H.
245 1 0 _a影響人類歷史進程的100名人排行榜 The 100 :
_ba ranking of the most influential persons in history{ch} /
_c(美)麥克·哈特 Michael H. Hart.
260 _aChina :
_b海南出版社 Hai Nan Publishing House,
_cc1999.
300 _a462 p. :
_bills
650 4 _aBiography{ch}.
951 _pC-3875
_x00010662
_oCT205/H25r
_j070613111017109
_d2000-12-21
_cREF-CH
999 _c4822
_d4822